<?xml version="1.0" encoding="UTF-8"?>
<record
    xmlns:xsi="http://www.w3.org/2001/XMLSchema-instance"
    xsi:schemaLocation="http://www.loc.gov/MARC21/slim http://www.loc.gov/standards/marcxml/schema/MARC21slim.xsd"
    xmlns="http://www.loc.gov/MARC21/slim">

  <leader>00754nam a2200205 a 4500</leader>
  <controlfield tag="001">5911</controlfield>
  <controlfield tag="003">CDMR</controlfield>
  <controlfield tag="005">20131025111454.0</controlfield>
  <controlfield tag="008">130220s1978||||||||||||||||||||||||||||d</controlfield>
  <datafield tag="040" ind1=" " ind2=" ">
    <subfield code="a">CDMR</subfield>
    <subfield code="b">cat</subfield>
    <subfield code="c">CDMR</subfield>
  </datafield>
  <datafield tag="100" ind1="1" ind2=" ">
    <subfield code="a">Bellmunt, Dom&#xE8;nec de</subfield>
    <subfield code="9">2926</subfield>
  </datafield>
  <datafield tag="245" ind1="1" ind2="0">
    <subfield code="a">Anecdotari in&#xE8;dit de cinquanta anys de periodisme catal&#xE0; (1920-1978)</subfield>
    <subfield code="b">: recull d'an&#xE8;cdotes viscudes per centenars de personatges de la Catalunya contempor&#xE0;nia</subfield>
    <subfield code="c">Dom&#xE8;nec de Bellmunt</subfield>
  </datafield>
  <datafield tag="260" ind1=" " ind2=" ">
    <subfield code="a">Barcelona</subfield>
    <subfield code="b">Llu&#xED;s Virgili</subfield>
    <subfield code="c">1978</subfield>
  </datafield>
  <datafield tag="300" ind1=" " ind2=" ">
    <subfield code="a">461 p ;</subfield>
    <subfield code="c">15 cm</subfield>
  </datafield>
  <datafield tag="490" ind1="0" ind2=" ">
    <subfield code="a">El Pilar d'Almenaria</subfield>
  </datafield>
  <datafield tag="600" ind1="1" ind2=" ">
    <subfield code="9">2928</subfield>
    <subfield code="a">Llad&#xF3;, Josep M. (Josep Maria)</subfield>
    <subfield code="d">1910-1996</subfield>
  </datafield>
  <datafield tag="650" ind1="0" ind2="4">
    <subfield code="9">4104</subfield>
    <subfield code="a">Hist&#xF2;ria contempor&#xE0;nia</subfield>
    <subfield code="z">Catalunya</subfield>
  </datafield>
  <datafield tag="650" ind1="0" ind2="4">
    <subfield code="9">4187</subfield>
    <subfield code="a">Periodisme</subfield>
    <subfield code="x">An&#xE8;cdotes</subfield>
  </datafield>
  <datafield tag="942" ind1=" " ind2=" ">
    <subfield code="c">MON</subfield>
    <subfield code="2">udc</subfield>
  </datafield>
  <datafield tag="999" ind1=" " ind2=" ">
    <subfield code="c">5911</subfield>
    <subfield code="d">5911</subfield>
  </datafield>
  <datafield tag="952" ind1=" " ind2=" ">
    <subfield code="0">0</subfield>
    <subfield code="1">0</subfield>
    <subfield code="4">0</subfield>
    <subfield code="7">0</subfield>
    <subfield code="a">CDMR</subfield>
    <subfield code="b">CDMR</subfield>
    <subfield code="d">2013-02-20</subfield>
    <subfield code="l">1</subfield>
    <subfield code="m">1</subfield>
    <subfield code="o">Du 1/100</subfield>
    <subfield code="p">CDMR13108268</subfield>
    <subfield code="r">2019-03-11</subfield>
    <subfield code="s">2019-02-14</subfield>
    <subfield code="w">2013-02-20</subfield>
    <subfield code="y">MON</subfield>
  </datafield>
</record>
